| 000 | 00566cam a2200145Ka 4500 | ||
|---|---|---|---|
| 082 | 0 | 4 |
_a359.009241 _bMAH |
| 100 | 1 |
_aMahan, A. T. _949706 |
|
| 245 | 1 | 4 |
_aThe life of Nelson _bthe embodiment of the sea power of Great Britain / _cby A.T. Mahan. |
| 260 |
_aLondon : _bSampson, Low, Marston, _c1897. |
||
| 300 |
_a2 v., [39] p. of plates (some fold.)` : _bill., maps, ports. ; _c23 cm. |
||
| 526 |
_a0 _b0 _c0 _d359_009241000000000_MAH |
||
| 650 | 0 |
_aAdmirals _zGreat Britain _949707 |
|
| 856 | 4 | 0 | _uhttp://catalog.hathitrust.org/api/volumes/oclc/2419002.html |
| 942 |
_2ddc _cBK |
||
| 999 |
_c552542 _d552542 |
||